书目信息 |
| 题名: |
建筑装饰环保施工标准
|
|
| 作者: | ;深圳海外装饰工程公司 编著 | |
| 分册: | ||
| 出版信息: | 北京 北京出版社 2006.07 |
|
| 页数: | 197页 | |
| 开本: | 26cm | |
| 丛书名: | ||
| 单 册: | ||
| 中图分类: | TU767-65 | |
| 科图分类: | ||
| 主题词: | 建筑工程--工程施工 | |
| 电子资源: | ||
| ISBN: | 7-200-06541-2 | |
| 000 | 00735nam0 2200205 450 | |
| 001 | 0736960113 | |
| 005 | 20071223101636.22 | |
| 010 | @a7-200-06541-2@dCNY80.00 | |
| 100 | @a20071223d2006 km y0chiy0120 ea | |
| 101 | 0 | @achi |
| 102 | @aCN@b110000 | |
| 200 | 1 | @a建筑装饰环保施工标准@Ajian zhu zhuang shi huan bao shi gong biao zhun@f深圳海外装饰工程公司编著@Fshen zhen hai wai zhuang shi gong cheng gong si bian zhu |
| 210 | @a北京@c北京出版社@d2006.07 | |
| 215 | @a197页@d26cm | |
| 606 | 0 | @a建筑工程@x工程施工 |
| 690 | @aTU767-65@v4 | |
| 711 | 02 | @a深圳海外装饰工程公司@Ashen zhen hai wai zhuang shi gong cheng gong si@4编著 |
| 801 | 0 | @aCN@b大连网信软件有限公司图书馆@c20071223 |
| 905 | @aBZT@dTU767-65@e1 | |
| 906 | @dCNY80.00@n0@r1 | |
| 建筑装饰环保施工标准/深圳海外装饰工程公司编著.-北京:北京出版社,2006.07 |
| 197页;26cm |
| ISBN 7-200-06541-2:CNY80.00 |
| ● |
| 相关链接 |
|
|
|
正题名:建筑装饰环保施工标准
索取号:TU767-65/1
 
预约/预借
| 序号 | 登录号 | 条形码 | 馆藏地/架位号 | 状态 | 备注 |
| 1 | 599219 | 2000599219 | 中心书库中库/ 中库022架A面5列1层32/ [索取号:TU767-65/1] | 在馆 | |
| 2 | 599220 | 2000599220 | 中心书库中库/ 中库022架A面5列1层31/ [索取号:TU767-65/1] | 在馆 | |
| 3 | 599221 | 2000599221 | 中心书库中库/ 中库022架A面5列1层24/ [索取号:TU767-65/1] | 在馆 | |
| 4 | 599222 | 2000599222 | 中心书库中库/ 中库022架A面5列1层25/ [索取号:TU767-65/1] | 在馆 | |
| 5 | 599223 | 2000599223 | 中心书库中库/ 中库022架A面5列1层23/ [索取号:TU767-65/1] | 在馆 | |
| 6 | 599224 | 2000599224 | 中心书库中库/ 中库022架A面5列1层30/ [索取号:TU767-65/1] | 在馆 | |
| 7 | 599225 | 2000599225 | 中心书库中库/ 中库022架A面5列1层27/ [索取号:TU767-65/1] | 在馆 | |
| 8 | 599226 | 2000599226 | 中心书库中库/ 中库022架A面5列1层28/ [索取号:TU767-65/1] | 在馆 | |
| 9 | 599227 | 2000599227 | 中心书库中库/ 中库022架A面5列1层29/ [索取号:TU767-65/1] | 在馆 | |
| 10 | 599228 | 2000599228 | 中心书库中库/ 中库022架A面5列1层26/ [索取号:TU767-65/1] | 在馆 |